| 000 | 00724nam a22002890a 4500 | ||
|---|---|---|---|
| 001 | PT32400 | ||
| 003 | AR-LpoUNG | ||
| 005 | 20210131225941.0 | ||
| 008 | 191001s2008||||ag |||||||||||||||||spa d | ||
| 020 |
_a9789872426613 _c$25.50 |
||
| 040 |
_aAR-LpoUNG _bspa _cAR-LpoUNG _eaacr |
||
| 041 | _aspa | ||
| 044 | _aag | ||
| 082 | 0 | _a982.065 869fan | |
| 100 | 1 | _aLorenz, Federico | |
| 245 | 1 | 0 |
_aFantasmas de Malvinas : _bun libro de viajes |
| 250 | _a1ra ed. | ||
| 260 |
_aBuenos Aires : _bEterna Cadencia, _c2008. |
||
| 300 |
_a207 p. : _bgráfs., tbls. |
||
| 650 | 4 | _aARGENTINA | |
| 650 | 4 | _aGUERRA | |
| 650 | 4 | _aHISTORIA POLITICA | |
| 650 | 4 | _aVIAJES | |
| 651 | 4 | _aArgentina | |
| 905 | _a32400 | ||
| 942 | _cLSALA | ||
| 999 |
_c675 _d675 |
||